000 00360nam a2200145Ia 4500
008 231129s1992||||xx |||||||||||||| ||spa||
020 _a980-293-131
040 _bspa
082 _aG823 F667n
100 _aFollet Ken
245 0 _aNoches sobre las aguas
260 _c1992
264 _aGrijalbo
942 _2ddc
_cBKS
999 _c21746
_d21746